Уголовная политика и культура противодействия преступности (Запись № 11657623)

Подробности
000 -МАРКЕР
контрольное поле 02075nam1a2200313 i 4500
001 - ИДЕНТИФИКАТОР ЗАПИСИ
контрольное поле RU\NLR\BIBL_A\011757082
005 - ИДЕНТИФИКАТОР ВЕРСИИ
контрольное поле 20260408081515.0
010 ## - МЕЖДУНАРОДНЫЙ СТАНДАРТНЫЙ НОМЕР КНИГИ (ISBN)
Номер (ISBN) 9785926612834
035 ## - ДРУГИЕ СИСТЕМНЫЕ НОМЕРА
Идентификатор записи (NLR Aleph) 011757082
100 ## - ДАННЫЕ ОБЩЕЙ ОБРАБОТКИ
Данные общей обработки 20180723g20179999k y0rusy50 ca
101 0# - ЯЗЫК РЕСУРСА
Язык текста, звукозаписи и т.д. русский
102 ## - СТРАНА ПУБЛИКАЦИИ ИЛИ ПРОИЗВОДСТВА
Страна публикации Российская Федерация
105 ## - ПОЛЕ КОДИРОВАННЫХ ДАННЫХ: ТЕКСТОВЫЕ МАТЕРИАЛЫ, МОНОГРАФИЧЕСКИЕ
Кодированные данные о монографическом текстовом документе ||||k||||||||
200 1# - ЗАГЛАВИЕ И СВЕДЕНИЯ ОБ ОТВЕТСТВЕННОСТИ
Основное заглавие Уголовная политика и культура противодействия преступности
Сведения, относящиеся к заглавию материалы Международной научно-практической конференции (15 сентября 2017 г.)
-- [в 2 т.]
Первые сведения об ответственности Краснодарский университет МВД России
Последующие сведения об ответственности [редакционная коллегия: К.В. Вишневецкий, доктор юридических наук, профессор (председатель) и др.]
210 ## - ПУБЛИКАЦИЯ, РАСПРОСТРАНЕНИЕ И ДР.
Место издания, распространения и т.д. Краснодар
Имя издателя, распространителя и т. д. Краснодарский университет МВД России
Дата издания, распространения и т.д. 2017
215 ## - ФИЗИЧЕСКАЯ ХАРАКТЕРИСТИКА
Размеры 20
606 1# - НАИМЕНОВАНИЕ ТЕМЫ КАК ПРЕДМЕТ
Наименование темы Уголовная политика
Формальный подзаголовок Съезды, совещания и т.п
Географический подзаголовок Российская Федерация
Системный номер авторитетной/нормативной записи 2160283
Идентификатор авторитетной/нормативной записи RU\NLR\AUTH\661300144
606 1# - НАИМЕНОВАНИЕ ТЕМЫ КАК ПРЕДМЕТ
Наименование темы Преступность
Формальный подзаголовок Съезды, совещания и т.п
Тематический подзаголовок Борьба с ней
Географический подзаголовок Российская Федерация
Системный номер авторитетной/нормативной записи 2079171
Идентификатор авторитетной/нормативной записи RU\NLR\AUTH\661255046
686 1# - ИНДЕКСЫ ДРУГИХ КЛАССИФИКАЦИЙ
Индекс Х628.1я431
686 1# - ИНДЕКСЫ ДРУГИХ КЛАССИФИКАЦИЙ
Индекс Х628.322я431
702 #1 - ИМЯ ЛИЦА - ВТОРИЧНАЯ ОТВЕТСТВЕННОСТЬ
Начальный элемент ввода Вишневецкий
Часть имени, кроме начального элемента ввода К. В.
Расширение инициалов личного имени Кирилл Валерьевич
Код отношения Редактор
711 12 - НАИМЕНОВАНИЕ ОРГАНИЗАЦИИ - АЛЬТЕРНАТИВНАЯ ОТВЕТСТВЕННОСТЬ
Начальный элемент ввода "Уголовная политика и культура противодействия преступности", международная научно-практическая конференция
Место проведения временной организации Краснодар
Дата проведения временной организации 2017
Системный номер авторитетной/нормативной записи 617514
Идентификатор авторитетной/нормативной записи RU\NLR\AUTH\880478281
712 02 - НАИМЕНОВАНИЕ ОРГАНИЗАЦИИ - ВТОРИЧНАЯ ОТВЕТСТВЕННОСТЬ
Код отношения Организатор конференции
Начальный элемент ввода Краснодарский университет МВД России
Идентификатор авторитетной/нормативной записи RU\NLR\AUTH\8810124602
Системный номер авторитетной/нормативной записи 746802
852 ## - МЕСТОНАХОЖДЕНИЕ И ШИФР ХРАНЕНИЯ
Идентификатор организации NLR
Шифр хранения (Call Number) 2018-3/19818
942 ## - ДОПОЛНИТЕЛЬНЫЕ ЭЛЕМЕНТЫ ЗАПИСИ (АБИС)
Тип экземпляра АБИС Книга

Нет доступных экземпляров.